000 00516nam a2200217Ia 4500
003 OSt
005 20230403095544.0
008 210423s2005 xx 000 0 und d
020 _a170122670
040 _cAL
041 _aeng
082 _a658.8 SUMJ
_223
100 _aSUMMERS (Jane);others.
_982161
245 _aEssentials of marketing.
250 _a2
260 _aAustralia
_bThomson
_c2005
300 _axviii,541
_bPB
365 _b595
_cINR
906 _aEssentials ; marketing.
942 _2ddc
_cBK
999 _c158534
_d158534